000 00335nam a22001457a 4500
008 210308b ||||| |||| 00| 0 eng d
020 _a007041551X
041 _aeng
080 _25th
_a33
082 _a33
100 _a59
101 _aBIZ
245 _aAccounting the Basis for Business Decisions
_cMeigs, W. B
942 _2udc
_cBK
999 _c55924
_d55924